000 00797nam a22002295i 4500
001 177459
003 ES-MaACL
005 20250824212334.0
008 110324s1966 sp |||| | spa d
080 _a330.342.14
100 0 _aFriedman, Milton (
_d1912-2006)
_952636
245 1 0 _aCapitalismo y libertad /
_cMilton Friedman ; con la colaboración de Rose D. Friedman ; [versión española realizada por Alfredo Lueje].
260 _aMadrid [etc.] :
_bRialp,
_cimp. 1966.
300 _a256 p. ;
_c25 cm.
490 1 _aLibros de economía ;
_v7
650 0 4 _aCapitalismo.
_910760
700 1 _aFriedman, Rose.
_9145858
700 1 _aLueje, Alfredo.
_9145859
830 0 0 _aLibros de economía (Rialp)
_v7
_9186981
852 _aES-MaACL
_jE-14717
_xOlim P-527-bis
999 _c177459
_d177459